Statistiques concernant Intercommunalités des Hautes-Pyrénées

Cliquez ici pour prendre le quiz!

Statistiques générales

  • Ce quiz a été pris 15 fois
  • Le résultat moyen est 5 sur 9

Statistiques - réponses

Nombres de CommunesIntercommunalités% Correct
86Communauté d'agglomération Tarbes-Lourdes-Pyrénées
100%
57Communauté de communes du Plateau de Lannemezan
79%
24Communauté de communes de la Haute-Bigorre
71%
46Communauté de communes Pyrénées Vallées des Gaves
71%
72Communauté de communes Adour Madiran
50%
46Communauté de communes Aure Louron
50%
53Communauté de communes des Coteaux du Val d'Arros
29%
50Communauté de communes du Pays de Trie et du Magnoac
21%
43Communauté de communes Neste Barousse
14%

Distribution des résultats

Percentile par nombre de réponses

% des personnes avec chaque résultat

Votre développement - résultats

Vous n’avez pas pris ce quiz